Music Quiz

Random Music or Song Quiz
Score 0/92 Timer 20:00
0 Plays Today
Albums Songs % Correct
SingleMy Fans
100%
SinglePolitically Incorrect
66.7%
SingleWHITEBOY
66.7%
SingleI'm Sorry
66.7%
SingleI Hate Hip-Hop
66.7%
SingleSober
66.7%
SingleI Don't Care
66.7%
SingleBlame the Rappers
66.7%
SingleNo Response
50%
Dream People and the Whiskey WarsBout it
33.3%
SingleEverybody Hates Me
33.3%
SingleStraight White Male
33.3%
SingleSad Rappers
33.3%
SingleHelluvit
33.3%
SingleI Wish
33.3%
SingleThis House
33.3%
SingleCastles
33.3%
SingleHangman
33.3%
SinlgeAmerican Dreamz
33.3%
SingleMac Lethal Sucks
33.3%
LeeAnn's Son**** and Fight
33.3%
SingleLethal Injection
33.3%
See You TomorrowMurder Business
33.3%
Dream People and the Whiskey WarsMurderer
33.3%
LeeAnn's SonLeeAnn's Son
33.3%
See You TomorrowGreenday
33.3%
Dream People and the Whiskey WarsBitchxs Got Money
33.3%
SingleButtholes
33.3%
SingleAshes
33.3%
SingleCloned Rappers
33.3%
SingleTrying to Kill Me
33.3%
Albums Songs % Correct
Dream People and the Whiskey WarsTrapped in Love
33.3%
Dream People and the Whiskey WarsSail Away
33.3%
LeeAnn's SonCool Kids and Gold Chains
33.3%
LeeAnn's SonTrippin
33.3%
SingleD.R.U.G.
33.3%
See You TomorrowDo Ya
33.3%
See You TomorrowEverything
33.3%
See You TomorrowCold Coffee
33.3%
See You TomorrowHow the West Was Won
33.3%
SingleCoronavirus
33.3%
SingleI Don't Drink
33.3%
SingleI Can't Sleep
33.3%
SingleDear Rappers
0%
SingleExposure
0%
LeeAnn's SonWannabe
0%
See You TomorrowWay Off
0%
LeeAnn's SonHouse in the Hills
0%
See You TomorrowWho I Am
0%
Dream People and the Whiskey WarsMy People
0%
Dream People and the Whiskey WarsLet It Rain
0%
See You TomorrowFrom the Jump
0%
Dream People and the Whiskey WarsLit
0%
SingleIf I Was Black
0%
See You TomorrowIf I Change
0%
LeeAnn's SonGun Talk
0%
See You TomorrowI'm So Crazy
0%
SingleFake Fans
0%
Dream People and the Whiskey Wars Million and 1
0%
Dream People and the Whiskey WarsHelp Is On the Way
0%
Dream People and the Whiskey WarsDream On
0%
Dream People and the Whiskey WarsNever Fall In Love
0%
Albums Songs % Correct
Dream People and the Whiskey WarsLennon
0%
Dream People and the Whiskey WarsToo Many
0%
Dream People and the Whiskey WarsPop a Pill
0%
Dream People and the Whiskey WarsWorried Bout It
0%
Dream People and the Whiskey WarsNa Na Na
0%
Dream People and the Whiskey WarsTFAB
0%
Dream People and the Whiskey WarsNever Know
0%
Dream People and the Whiskey WarsPretend
0%
Dream People and the Whiskey WarsGood Day
0%
Dream People and the Whiskey WarsThankunothanku
0%
Dream People and the Whiskey WarsI Run It
0%
Dream People and the Whiskey WarsBig Boys Don't Cry
0%
LeeAnn's SonRatchet Face
0%
LeeAnn's SonRainclouds in Paris
0%
LeeAnn's SonClose to Me
0%
LeeAnn's SonSkinny Rich Girl Swag
0%
LeeAnn's SonI Dunno
0%
LeeAnn's SonBuckley's
0%
LeeAnn's SonWhere Were You
0%
SingleFamous
0%
SingleWhite Trash
0%
See You TomorrowFree Drugs
0%
See You TomorrowDrive Me Crazy
0%
See You TomorrowOld Number Seven
0%
See You TomorrowRolling Stoned
0%
See You TomorrowUsed to Know Me
0%
See You TomorrowLove Me to Death
0%
SingleBad News
0%
SingleIn These Parts
0%
SingleThe Music Industry
0%
Remove Ads.
Support Sporcle.
Get the best of Sporcle when you Go Orange. This ad-free experience offers more features, more stats, and more fun while also helping to support Sporcle. Thank you for becoming a member.

You're not logged in!

Compare scores with friends on all Sporcle quizzes.
OR
Log In

Sporcle TV

Today on Sporcle TV


Watch our educational content, quiz creation guides, and fun videos on Sporcle TV.

Show Comments

Extras

Created May 13, 2020ReportNominate
Tags:Album Quiz, Song Quiz, macdonald, tom

Top Quizzes Today


Score Distribution

Paid Content

Your Account Isn't Verified!

In order to create a playlist on Sporcle, you need to verify the email address you used during registration. Go to your Sporcle Settings to finish the process.

Report this User

Report this user for behavior that violates our Community Guidelines.

Details: